รายละเอียดในรูปแบบ MARC
| 000 -LEADER |
| fixed length control field |
03448nam a22005177a 4500 |
| 005 - DATE AND TIME OF LATEST TRANSACTION |
| control field |
20240814173829.0 |
| 008 - FIXED-LENGTH DATA ELEMENTS--GENERAL INFORMATION |
| fixed length control field |
m251825 th thaha d |
| 041 ## - LANGUAGE CODE |
| Language code of text/sound track or separate title |
tha |
| 090 ## - LOCALLY ASSIGNED LC-TYPE CALL NUMBER (OCLC); LOCAL CALL NUMBER (RLIN) |
| Classification number (OCLC) (R) ; Classification number, CALL (RLIN) (NR) |
KA204 ส895ร2 ล.11 |
| 100 0# - MAIN ENTRY--PERSONAL NAME |
| Personal name |
เสถียร วิชัยลักษณ์ |
| 245 10 - TITLE STATEMENT |
| Title |
รวมกฎหมายไทย เล่ม 11 [ร2] |
| 260 3# - PUBLICATION, DISTRIBUTION, ETC. |
| Place of publication, distribution, etc. |
กรุงเทพฯ : |
| Name of publisher, distributor, etc. |
นีติเวชช์, |
| Date of publication, distribution, etc. |
2518-2531 |
| 300 ## - PHYSICAL DESCRIPTION |
| Extent |
1 เล่ม ; |
| Other physical details |
26 ซม. |
| 650 04 - SUBJECT ADDED ENTRY--TOPICAL TERM |
| Topical term or geographic name entry element |
องค์การของรัฐบาล (พ.ร.บ.) -- 2496 |
| 650 04 - SUBJECT ADDED ENTRY--TOPICAL TERM |
| Topical term or geographic name entry element |
กฎหมาย -- ไทย |
| 650 04 - SUBJECT ADDED ENTRY--TOPICAL TERM |
| Topical term or geographic name entry element |
การคุ้มครองเด็ก (ประกาศคณะปฏิวัติ ฉบับที่ 294) -- การสงเคราะห์ |
| 650 04 - SUBJECT ADDED ENTRY--TOPICAL TERM |
| Topical term or geographic name entry element |
การท่องเที่ยวแห่งประเทศไทย (พ.ร.บ.) -- 2522 |
| 650 04 - SUBJECT ADDED ENTRY--TOPICAL TERM |
| Topical term or geographic name entry element |
สถาบันวิจัยวิทยาศาสตร์และเทคโนโลยีแห่งประเทศไทย (พ.ร.บ.) -- 2522 |
| 650 04 - SUBJECT ADDED ENTRY--TOPICAL TERM |
| Topical term or geographic name entry element |
การสื่อสารมวลชนแห่งประเทศไทย (พ.ร.ฎ.) -- 2520 |
| 650 04 - SUBJECT ADDED ENTRY--TOPICAL TERM |
| Topical term or geographic name entry element |
คณะกรรมการศึกษาแห่งชาติ (พ.ร.บ.) -- 2521 |
| 650 04 - SUBJECT ADDED ENTRY--TOPICAL TERM |
| Topical term or geographic name entry element |
ครู (พ.ร.บ.) -- 2488 |
| 650 04 - SUBJECT ADDED ENTRY--TOPICAL TERM |
| Topical term or geographic name entry element |
ครู (พ.ร.บ.) -- 2523 |
| 650 04 - SUBJECT ADDED ENTRY--TOPICAL TERM |
| Topical term or geographic name entry element |
จุฬาลงกรณ์มหาวิทยาลัย (พ.ร.บ.) -- 2522 |
| 650 04 - SUBJECT ADDED ENTRY--TOPICAL TERM |
| Topical term or geographic name entry element |
นักศึกษา (ประกาศคณะปฏิวัติ ฉบับที่ 132) |
| 650 04 - SUBJECT ADDED ENTRY--TOPICAL TERM |
| Topical term or geographic name entry element |
นักเรียน (ประกาศคณะปฏิวัติ ฉบับที่ 132) |
| 650 04 - SUBJECT ADDED ENTRY--TOPICAL TERM |
| Topical term or geographic name entry element |
มหาวิทยาลัย (พ.ร.บ.) |
| 650 04 - SUBJECT ADDED ENTRY--TOPICAL TERM |
| Topical term or geographic name entry element |
มหาวิทยาลัยขอนแก่น (พ.ร.บ.) -- 2521 |
| 650 04 - SUBJECT ADDED ENTRY--TOPICAL TERM |
| Topical term or geographic name entry element |
มหาวิทยาลัยรามคำแหง (พ.ร.บ.) -- 2514 |
| 650 04 - SUBJECT ADDED ENTRY--TOPICAL TERM |
| Topical term or geographic name entry element |
มหาวิทยาลัยศรีนครินทรวิโรฒ (พ.ร.บ.) -- 2517 |
| 650 04 - SUBJECT ADDED ENTRY--TOPICAL TERM |
| Topical term or geographic name entry element |
มหาวิทยาลัยสงขลานครินทร์ (พ.ร.บ.) -- 2522 |
| 650 04 - SUBJECT ADDED ENTRY--TOPICAL TERM |
| Topical term or geographic name entry element |
มหาวิทยาลัยสุโขทัยธรรมาธิราช (พ.ร.บ.) -- 2521 |
| 650 04 - SUBJECT ADDED ENTRY--TOPICAL TERM |
| Topical term or geographic name entry element |
วิทยาลัยครู (พ.ร.บ.) -- 2518 |
| 650 04 - SUBJECT ADDED ENTRY--TOPICAL TERM |
| Topical term or geographic name entry element |
วิทยาลัยเทคโนโลยีและอาชีวศึกษา (พ.ร.บ.) -- 2518 |
| 650 04 - SUBJECT ADDED ENTRY--TOPICAL TERM |
| Topical term or geographic name entry element |
สถาบันบัณฑิตพัฒนบริหารศาสตร์ (พ.ร.บ.) -- 2509 |
| 650 04 - SUBJECT ADDED ENTRY--TOPICAL TERM |
| Topical term or geographic name entry element |
สถาบันอุดมศึกษา (พ.ร.บ.) |
| 650 04 - SUBJECT ADDED ENTRY--TOPICAL TERM |
| Topical term or geographic name entry element |
สถาบันอุดมศึกษาเอกชน (พ.ร.บ.) -- 2522 |
| 650 04 - SUBJECT ADDED ENTRY--TOPICAL TERM |
| Topical term or geographic name entry element |
สถาบันเทคโนโลยีการเกษตร (พ.ร.บ.) -- 2518 |
| 650 04 - SUBJECT ADDED ENTRY--TOPICAL TERM |
| Topical term or geographic name entry element |
แผนการศึกษาแห่งชาติ (ประกาศ) -- 2520 |
| 650 04 - SUBJECT ADDED ENTRY--TOPICAL TERM |
| Topical term or geographic name entry element |
โรงเรียนประถมศึกษา (พ.ร.บ.) -- 2523 |
| 650 04 - SUBJECT ADDED ENTRY--TOPICAL TERM |
| Topical term or geographic name entry element |
โรงเรียนเอกชน (พ.ร.บ.) -- 2525 |
| 700 0# - ADDED ENTRY--PERSONAL NAME |
| Personal name |
เสถียร วิชัยลักษณ์ |
| 850 ## - HOLDING INSTITUTION |
| Holding institution |
NALT |
| 942 ## - ADDED ENTRY ELEMENTS (KOHA) |
| Koha item type |
Reference Book |
| 997 ## - |
| -- |
000000000016494 |
| 998 ## - LOCAL CONTROL INFORMATION (RLIN) |
| -- |
SANG-AROON ANU-KRAUGH |
| -- |
25 |
| -- |
นีลวัสน์ อินทรักษา |